| 000 | 01016nam a22002657a 4500 | ||
|---|---|---|---|
| 999 |
_c39525 _d39525 |
||
| 001 | 9583 | ||
| 003 | CO-MdFUSB | ||
| 005 | 20170829083743.0 | ||
| 008 | 170829t1999 s ||||| |||| 00| 0 s d | ||
| 020 | _a84-8169-094-5 : 23.300 | ||
| 040 |
_aCO-MdFUSB _bspa _cCO-MdFUSB _dCO-MdFUSBC _erda |
||
| 041 | 0 | _aspa | |
| 082 | 0 | 4 | _aG 222.43 W475s |
| 100 | 1 |
_aWénin, André _eautor |
|
| 245 | 1 | 0 |
_aSamuel, juez y profeta _b: lectura narrativa _c/ André Wénin |
| 250 | _a2 | ||
| 264 | 4 |
_aEstella, Navarra : _b Verbo Divino, _c©1999 |
|
| 300 | _a71 p. | ||
| 336 |
_2rdacontent _a1 _ba1 |
||
| 337 |
_2rdamedia _a2 _b5 |
||
| 338 |
_2rdacarrier _a2 _b5 |
||
| 505 | 0 | 0 | _aNacimiento e infancia de Samuel (1 Sm 1-3) - Olvido y reconocimiento de un profeta (1 Sm 4-7) - El pueblo pide un rey a Samuel (1 Sm 8) - Saúl, elegido del Señor, aclamado por el pueblo (1 Sm 9-11) - El rey en la alianza renovada (1 Sm 12) - El Señor rechaza a Saúl por medio de Samuel (1 Sm 13...28) |
| 653 | _aBiblia A.T.- Samuel | ||
| 942 | _cBK | ||